| 000 | 00458cam a22001217a 4500 | ||
|---|---|---|---|
| 008 | 180718b1986 xxu||||| |||| 00| 0 eng d | ||
| 082 | _aB1096 In7/5 | ||
| 100 | _aSufian, A.J.M. | ||
| 245 |
_aSon preference and child replacement in Bangladesh: a new look at the child survival hypothesis _cby A.J.M. Sufian and Nan E. Johnson |
||
| 260 |
_aNew Delhi _bInstitute of Social Sciences _c1986 |
||
| 500 | _aXI World Congress of Sociology | ||
| 700 | _aJohnson, Nan E. | ||
| 999 |
_c440826 _d440826 |
||